Pedagogía terapéutica dentro del aula : (Record no. 207443)
[ view plain ]
| 000 -CABECERA | |
|---|---|
| campo de control de longitud fija | 01623cab a2200277 ab4500 |
| 005 - FECHA Y HORA DE LA ÚLTIMA TRANSACCIÓN | |
| campo de control | 20250826134157.0 |
| 008 - ELEMENTOS DE LONGITUD FIJA--INFORMACIÓN GENERAL | |
| campo de control de longitud fija | 991125c2016 mx qr p o 000 0 spa d |
| 035 ## - NÚMERO DE CONTROL DEL SISTEMA | |
| Número de control de sistema | UPN01000235348 |
| 040 ## - FUENTE DE LA CATALOGACIÓN | |
| Centro catalogador/agencia de origen | MX-MxUPN |
| Lengua de catalogación | spa |
| Centro/agencia transcriptor | MX-MxUPN |
| Normas de descripción | aacr2 |
| 049 ## - COLECCIÓN | |
| Colección | ART-E |
| 100 1# - ASIENTO PRINCIPAL--NOMBRE PERSONAL | |
| Nombre de persona | Barroso, Guadalupe |
| Enlace | - guadalupe.barroso@colegiobrotmadrid.es |
| 100 1# - ASIENTO PRINCIPAL--NOMBRE PERSONAL | |
| Nombre de persona | Arenas, Marta |
| 245 10 - MENCIÓN DE TÍTULO | |
| Título | Pedagogía terapéutica dentro del aula : |
| Resto del título | lo que funciona fuera puede mejorar dentro del aula |
| Medio | [recurso electrónico en línea] |
| 506 0# - NOTA DE RESTRICCIONES AL ACCESO | |
| Limitaciones de acceso | Acceso abierto |
| 520 3# - NOTA DE RESUMEN, ETC. | |
| Sumario, etc. | El conocimiento compartido y el aprendizaje colaborativo son conceptos cada vez más ensalzados y demandados en las instituciones y en las empresas, de ahí que la apuesta sea cultivar y fomentar estos valores en la escuela. En esa línea, planteamos la docencia compartida, la gestión conjunta del aula por parte del profesor y del maestro de Pedagogía Terapéutica, como estrategia básica y un planteamiento coherente hacia una escuela realmente inclusiva. A partir de aquí, y tras cuatro años de experiencia el artículo expone las ventajas de este modelo de trabajo. Padres y maestros |
| 650 #4 - ASIENTO SECUNDARIO DE MATERIA - TERMINO TEMATICO | |
| Término de materia o nombre geográfico como elemento de entrada | Problemas de aprendizaje |
| 9 (RLIN) | 5379 |
| 653 0# - TERMINO DE INDIZACION - NO CONTROLADO | |
| Término no controlado | Pedagogía terapéutica |
| 653 0# - TERMINO DE INDIZACION - NO CONTROLADO | |
| Término no controlado | Aprendizaje colaborativo |
| 653 0# - TERMINO DE INDIZACION - NO CONTROLADO | |
| Término no controlado | Docencia compartida |
| 773 ## - ENLACE AL DOCUMENTO FUENTE/ENTRADA DE REGISTRO ANFITRIÓN | |
| Parte(s) relacionada(s) | No. 365, (2016), p. 49-54 |
| Título | Revista padres y maestros |
| Número Internacional Normalizado para Publicaciones Seriadas | 2255-1042 |
| 856 4# - LOCALIZACIÓN Y ACCESO ELECTRÓNICOS | |
| Identificador Uniforme del Recurso | <a href="https://revistas.comillas.edu/index.php/padresymaestros/article/view/6687/6486">https://revistas.comillas.edu/index.php/padresymaestros/article/view/6687/6486</a> |
| 856 4# - LOCALIZACIÓN Y ACCESO ELECTRÓNICOS | |
| Identificador Uniforme del Recurso | <a href="https://doi.org/10.14422/pym.i365.y2016.007">https://doi.org/10.14422/pym.i365.y2016.007</a> |
| 902 ## - ELEMENTOS DE DATOS B LOCAL, LDB (RLIN) | |
| Creó | Leonor Sotres/260825 |
| 905 ## - TIPO DE MATERIAL | |
| Tipo de material | Articulo |
| 942 ## - ELEMENTOS DE PUNTO DE ACCESO ADICIONAL (KOHA) | |
| Tipo de ítem Koha | Artículo Electrónico |
| Estado de retiro | Estado de pérdida | Estado dañado | No para préstamo | Código de colección | Localización permanente | Ubicación/localización actual | Ubicación en estantería | Fecha de adquisición | Total de préstamos | Fecha visto por última vez | Identificador Uniforme del Recurso | Precio válido a partir de | Tipo de ítem Koha |
|---|---|---|---|---|---|---|---|---|---|---|---|---|---|
| Acceso abierto | Bib. Gregorio Torres Quintero | Bib. Gregorio Torres Quintero | En línea | 26/08/2025 | 26/08/2025 | https://revistas.comillas.edu/index.php/padresymaestros/article/view/6687/6486 | 26/08/2025 | Artículo Electrónico |
